| 000 | 00715cam a2200205 4500 | ||
|---|---|---|---|
| 001 | ABS61307 | ||
| 008 | 000000n1999 000 0 eng u | ||
| 035 | _a(Sirsi) u100532 | ||
| 245 | _aGreening the supply chain | ||
| 260 | _c1999 | ||
| 490 |
_aEnvironment Information Bulletin _v(93) October 1999, 10-12(3) |
||
| 520 | _aArticle looks at the development of supply chain management, highlighting the influence of whole-life costing and reports on what some organisations are doing to 'green' their supply chains. | ||
| 590 | _aABS | ||
| 650 | _aSUPPLY CHAIN MANAGEMENT | ||
| 650 | _aCOSTING | ||
| 650 | _aLEAN MANAGEMENT | ||
| 650 | _aENVIRONMENTAL IMPACTS | ||
| 690 | _aBUILT ENVIRONMENT | ||
| 942 | _n0 | ||
| 999 |
_c60140 _d60140 |
||